Surface phenomena in enhanced oil recovery /
Guardado en:
| Autor Corporativo: | |
|---|---|
| Otros Autores: | |
| Formato: | Libro |
| Idioma: | English |
| Publicado: |
New York :
Plenum Press,
c1981.
|
| Materias: | |
| Etiquetas: |
Agregar Etiqueta
Sin Etiquetas, Sea el primero en etiquetar este registro!
|
| LEADER | 00996cam a22002295a 4500 | ||
|---|---|---|---|
| 001 | EIQ.libpla001767 | ||
| 008 | 810528s1981####nyua#####b####101#0#eng#d | ||
| 005 | 20061221174415.0 | ||
| 245 | 0 | 0 | |a Surface phenomena in enhanced oil recovery / |c edited by Dinesh O. Shah. |
| 260 | |a New York : |b Plenum Press, |c c1981. | ||
| 300 | |a xii, 874 p. : |b il. ; |c 26 cm. | ||
| 500 | |a "Papers presented at the symposium on Surface Phenomena in Enhanced Oil Recovery held at Stockholm, Sweden, during August 20-25, 1979"--Pref. | ||
| 504 | |a Incluye referencias bibliográficas e índice. | ||
| 020 | |a 0306407574 | ||
| 700 | 1 | |a Shah, D. O. |q (Dinesh Ochhavlal), |d 1938-, |e ed. |4 edt | |
| 711 | 2 | |a Symposium on Surface Phenomena in Enhanced Oil Recovery |d (1979 : |c Stockholm, Sweden) | |
| 082 | 0 | 0 | |a 622/.3382 |2 19 |
| 650 | 0 | |a Química de superficies |x Congresos. | |
| 650 | 0 | |a Surface chemistry |x Congresses. | |
| 010 | |a 81008704 | ||
| 040 | |a DLC |c DLC |d AR-BbSID | ||
| 859 | |a AR-BbSID |b BIB. PLAPIQUI |h 622.338 2 |i Su 77 |k R |p 2895 | ||
